| 000 | 00915nam a2200205Ii 4500 | ||
|---|---|---|---|
| 003 | JO-AjNU | ||
| 008 | 230605s9999||||xx |||||||||||||| ||und|| | ||
| 017 | _a1986/990 | ||
| 040 |
_aJO-AjNU _bara _erda _cJO-AjNU |
||
| 041 | _aara | ||
| 050 | 1 | 4 | _aJF201.J3994.1986 |
| 100 | 3 |
_aالجاوشلي ، هادي رشيد, _eauthor _934655 |
|
| 245 | 0 | 0 | _aدول العالم : دراسة موجزة لسلطات الدولة الدستورية التنفيذية والتشريعية والادارية والنظم السياسية والاقتصادية ومبادى عامة قانونية والهيئات والمنظمات الدولية والمشاكل الدولية في العالم |
| 250 | _a(د،ط) | ||
| 264 | 3 | 1 | _aبغداد : مطبعة دار الجاحظ ، 1986 |
| 300 | _a560ص | ||
| 336 |
_atext _btxt _2rdacontent |
||
| 337 |
_aunmediated _bn _2rdamedia |
||
| 338 |
_avolume _bnc _2rdacarrier |
||
| 999 |
_aA14231 _c17799 _d17799 |
||